000 00319nam a22001337a 4500
020 _qPB.
040 _cFIZZA ISHAQ
082 _a620.106
_bRAJ
100 _aRAJPUT.
245 _aA TEXT BOOK OF FLUID MECHANICS IN SI UNITS /
_cRAJPUT.
260 _aS.CHAND COMPANY ;
_c2016.
300 _a1051 P. ;
942 _2ddc
_cBK
999 _c589794
_d589794